Pokémon groupe d'Œuf-Aquatique 1 - Statistiques

Statistiques générales
  • Ce quiz a été pris 33 fois
  • Le résultat moyen est 74 sur 114
Statistiques - réponses
Deuxième
Groupe d'Œuf
Pokémon % Correct
Monstrueux Carabaffe
100%
Monstrueux Carapuce
100%
Monstrueux Tortank
100%
Monstrueux Aligatueur
90%
Draconique Barpau
90%
Monstrueux Crocrodil
90%
Draconique Draco
90%
Draconique Dracolosse
90%
Monstrueux Flobio
90%
Monstrueux Gobou
90%
Monstrueux Kaiminus
90%
Monstrueux Laggron
90%
Insectoïde Maskadra
90%
Draconique Milobellus
90%
Draconique Minidraco
90%
Terrestre Akwakwak
80%
Amphinobi
80%
Insectoïde Arakdo
80%
Aérien Bekipan
80%
Aérien Canarbello
80%
Aérien Coiffeton
80%
Aérien Goélise
80%
Grenousse
80%
Terrestre Kaimorse
80%
Végétal Lombre
80%
Végétal Ludicolo
80%
Végétal Nénupiot
80%
Terrestre Pingoléon
80%
Terrestre Prinplouf
80%
Terrestre Psykokwak
80%
Terrestre Tiplouf
80%
Insectoïde Araqua
70%
Terrestre Arrozard
70%
Féerique Azumarill
70%
Aquatique 3 Corayon
70%
Aérien Couaneton
70%
Croâporal
70%
Monstrueux Flagadoss
70%
Draconique Hypocéan
70%
Draconique Hyporoi
70%
Draconique Hypotrempe
70%
Aérien Lakmécygne
70%
Terrestre Larméléon
70%
Terrestre Lézargus
70%
Féerique Marill
70%
Aérien Nigosier
70%
Terrestre Obalie
70%
Terrestre Oratoria
70%
Terrestre Otaquin
70%
Terrestre Otarlette
70%
Aérien Palmaval
70%
Terrestre Phogleur
70%
Prédastérie
70%
Ptitard
70%
Monstrueux Ramoloss
70%
Monstrueux Roigada
70%
Tarpaud
70%
Tartard
70%
Têtarte
70%
Vorastérie
70%
Aquatique 3 Amonistar
60%
Aquatique 3 Amonita
60%
Terrestre Axoloto
60%
Aquatique 3 Colhomard
60%
Coquiperl
60%
Aquatique 3 Écrapince
60%
Aquatique 3 Kabuto
60%
Aquatique 3 Kabutops
60%
Monstrueux Khélocrok
60%
Draconique Kravarech
60%
Terrestre Lamantine
60%
Monstrueux Lokhlass
60%
Aquatique 2 Mamanbo
60%
Terrestre Maraiste
60%
Terrestre Mustébouée
60%
Terrestre Mustéflott
60%
Aquatique 2 Octillery
60%
Terrestre Otaria
60%
Aquatique 2 Relicanth
60%
Aquatique 2 Rémoraid
60%
Rosabyss
60%
Amorphe Sancoki
60%
Serpang
60%
Insectoïde Tarenbulle
60%
Monstrueux Torgamord
60%
Amorphe Tritosor
60%
Draconique Venalgue
60%
Batracné
50%
Crapustule
50%
Démanta
50%
Aquatique 3 Flingouste
50%
Aquatique 3 Gamblast
50%
Tritonde
50%
Aquatique 3 Carapagos
40%
Terrestre Castorno
40%
Concombaffe
40%
Aérien Fulgulairo
40%
Terrestre Keunotor
40%
Humanoïde Krakos
40%
Amorphe Limonde
40%
Féerique Manaphy
40%
Aquatique 3 Mégapagos
40%
Féerique Phione
40%
Humanoïde Poulpaf
40%
Aérien Zapétrel
40%
Ampibidou
30%
Terrestre Bekaglaçon
30%
Terrestre Cadoizo
30%
Aquatique 3 Corayôme
30%
Aquatique 2 Sepiatop
30%
Aquatique 2 Sepiatroce
30%
Terrestre Terraiste
30%
Têtampoule
30%
Amorphe Wattapik
20%
Aucun quiz correspondant
Distribution des résultats
% des personnes avec chaque résultat
Percentile par nombre de réponses
Votre historique - résultats
Vous n’avez pas pris ce quiz